| 000 | 00466nam a2200205Ia 4500 | ||
|---|---|---|---|
| 008 | 210210b1967 xxu||||| |||| 00| 0 eng d | ||
| 041 | _aeng | ||
| 082 | _a511/121 | ||
| 100 | _aSHANTI NARAYAN | ||
| 245 | _aText book of modern abstract algebra | ||
| 260 |
_aDelhi _bS. Chand & Co. Ltd. _c1967 |
||
| 650 | _aText | ||
| 650 | _aof | ||
| 650 | _amodern | ||
| 650 | _abook | ||
| 650 | _aalgebra | ||
| 650 | _aabstract | ||
| 690 | _aAlgebra | ||
| 906 | _a007191 | ||
| 999 |
_c139528 _d139528 |
||